000 00641nam a2200241Ia 4500
003 OSt
005 20220912151853.0
006 a|||||r|||| 00| 0
007 ta
008 220909b |||||||| |||| 00| 0 eng d
024 _a58106
037 _cTextual
040 _aCSL
_beng
_cCSL
041 _aeng
082 _aJ:4, H82 CS
100 _aChowdhury S
245 0 _aPlant diseases: their causes and control
260 _aAllahabad
_bKitabistan
_c1948
300 _a106p.
_ccm.
650 _aAgriculture
942 _hJ:4, H82 CS
_cTEXL
_2CC
999 _c76526
_d76526